LEADER 00923nam a2200253 a 4500 001 991001250549707536 008 020 $a8870119246 035 $ab13343373-39ule_inst 040 $aDip.to Studi Storici$bita 082 0 $a331.792 100 1 $aMelis, Guido$0133439 245 10$aImpiegati /$cGuido Melis 260 $aTorino :$bRosenberg & Sellier ;$c24 cm 300 $a216 p. :$bill. ;$c24 cm 500 $aIn testa alla cop.: Figure del mondo del lavoro nel Novecento 650 4$aImpiegati$xCondizioni economiche e sociali$y1861-1956 650 4$aImpiego pubblico$xStoria 907 $a.b13343373$b21-09-06$c10-10-05 912 $a991001250549707536 945 $aLE023 331 MEL 1 2$g1$i2023000074923$lle023$o-$pE18.50$q-$rl$s- $t0$u1$v1$w1$x0$y.i14138712$z21-10-05 996 $aImpiegati$91092566 997 $aUNISALENTO 998 $ale023$b09-09-05$cm$da $e-$fita$git $h0$i0 LEADER 04495nam 22006855 450 001 9910254683903321 005 20200705004111.0 010 $a3-319-19183-7 024 7 $a10.1007/978-3-319-19183-6 035 $a(CKB)3710000000471387 035 $a(EBL)4071634 035 $a(SSID)ssj0001583737 035 $a(PQKBManifestationID)16263916 035 $a(PQKBTitleCode)TC0001583737 035 $a(PQKBWorkID)14865717 035 $a(PQKB)10664361 035 $a(DE-He213)978-3-319-19183-6 035 $a(MiAaPQ)EBC4071634 035 $a(PPN)190523506 035 $a(EXLCZ)993710000000471387 100 $a20150903d2016 u| 0 101 0 $aeng 135 $aur|n|---||||| 181 $ctxt 182 $cc 183 $acr 200 10$aComorbid Conditions Among Children with Autism Spectrum Disorders /$fedited by Johnny L. Matson 205 $a1st ed. 2016. 210 1$aCham :$cSpringer International Publishing :$cImprint: Springer,$d2016. 215 $a1 online resource (327 p.) 225 1 $aAutism and Child Psychopathology Series,$x2192-922X 300 $aDescription based upon print version of record. 311 $a3-319-19182-9 320 $aIncludes bibliographical references at the end of each chapters and index. 327 $aPart 1. Overview.- Chapter 1. The History of Comorbidity in Autism Spectrum Disorders (ASD).- Chapter 2. Scope and Prevalence of the Problem.- Part 2. Assessment.- Chapter 3. Methods and Procedures for Measuring Comorbid Disorders: Psychological.- Chapter 4. Methods and Procedures for Measuring Comorbid Disorders: Medical.- Chapter 5. Methods and Procedures for Measuring Comorbid Disorders: Motor Movement and Activity.- Part 3. Psychological Disorders.- Chapter 6. Challenging Behaviors -- Chapter 7. Psychopathology.- Chapter 8. Feeding Disorders -- Chapter 9. Sleep Disorders.- Chapter 10. Epilepsy.- Chapter 11. Gastrointestinal.- Chapter 12. Intellectual Disability (ID).- Part 4. Motor Movement and Activity.- Chapter 13. Developmental Coordination Disorder (DCD). 330 $aThis book presents the similarities and intersections between Autism Spectrum Disorders and comorbid conditions in children. It describes the prevalence and magnitude of comorbid conditions occurring in conjunction with ASD that complicate diagnosis and can potentially lead to inappropriate treatment and negative outcomes. It addresses the strengths and limitations of age-appropriate assessment measures as well as activity and motor skill measurement methods. Specific comorbid disorders are examined through the review of core symptoms, prognostic and diagnostic issues, and treatment options for children on the ASD spectrum. Featured topics include: Challenging behaviors in children with ASD. Conditions ranging from feeding and gastrointestinal disorders to epilepsy. Developmental coordination disorder (DCD). Intellectual disability (ID). Methods and procedures for measuring comorbid psychological, medical, and motor disorders. < Comorbid Conditions Among Children with Autism Spectrum Disorders is a must-have resource for researchers, clinicians and professionals, and graduate students across such fields as clinical child, school, and developmental psychology, child and adolescent psychiatry, and social work as well as rehabilitation medicine/therapy, behavioral therapy, pediatrics, and educational psychology. 410 0$aAutism and Child Psychopathology Series,$x2192-922X 606 $aChild psychology 606 $aSchool psychology 606 $aPsychiatry 606 $aSocial work 606 $aChild and School Psychology$3https://scigraph.springernature.com/ontologies/product-market-codes/Y12040 606 $aPsychiatry$3https://scigraph.springernature.com/ontologies/product-market-codes/H53003 606 $aSocial Work$3https://scigraph.springernature.com/ontologies/product-market-codes/X21000 615 0$aChild psychology. 615 0$aSchool psychology. 615 0$aPsychiatry. 615 0$aSocial work. 615 14$aChild and School Psychology. 615 24$aPsychiatry. 615 24$aSocial Work. 676 $a616.8588200835 702 $aMatson$b Johnny L$4edt$4http://id.loc.gov/vocabulary/relators/edt 801 0$bMiAaPQ 801 1$bMiAaPQ 801 2$bMiAaPQ 906 $aBOOK 912 $a9910254683903321 996 $aComorbid Conditions Among Children with Autism Spectrum Disorders$91577542 997 $aUNINA LEADER 02896oas 2201213 a 450 001 9910131927703321 005 20260309213017.0 011 $a1535-7228 035 $a(DE-599)ZDB1500554-9 035 $a(DE-599)1500554-9 035 $a(OCoLC)38376363 035 $a(CONSER) 2001215099 035 $a(CKB)954925377907 035 $a(EXLCZ)99954925377907 100 $a19980209a19219999 sy a 101 0 $aeng 135 $aurmnu|||||||| 181 $ctxt$2rdacontent 182 $cc$2rdamedia 183 $acr$2rdacarrier 200 04$aThe American journal of psychiatry 210 $aWashington, DC $cAmerican Psychiatric Association 300 $aRefereed/Peer-reviewed 311 08$aPrint version: The American journal of psychiatry (TW-TaNTU)b11272132-886ntu_inst 0002-953X 531 0 $aAm. j. psych. 606 $aPsychiatry$vPeriodicals 606 $aMental Disorders 606 $aPsychiatry 606 $aPsychiatry$vPeriodicals 606 $aMental Disorders$vPeriodicals 606 $aPsychiatrie$vPe?riodiques 606 $amental disorders$2aat 606 $aPsychiatry$2fast 606 $aPsychiatrie$2gtt 606 $aPsiquiatria$vRevistes$2lemac 606 $aPsychiatry$vPeriodicals$2nli 608 $aperiodicals.$2aat 608 $aPeriodicals$2fast 608 $aPeriodicals.$2lcgft 608 $aPeriodicals.$2rbgenr 608 $aPe?riodiques.$2rvmgf 615 0$aPsychiatry 615 2$aMental Disorders 615 2$aPsychiatry 615 2$aPsychiatry 615 2$aMental Disorders 615 6$aPsychiatrie 615 7$amental disorders. 615 7$aPsychiatry 615 17$aPsychiatrie. 615 7$aPsiquiatria 615 7$aPsychiatry 676 $a616 712 02$aAmerican Psychiatric Association. 801 0$bFGA 801 1$bFGA 801 2$bOCL 801 2$bEYM 801 2$bNSD 801 2$bOCLCQ 801 2$bMXC 801 2$bOCLCQ 801 2$bMUQ 801 2$bOCLCQ 801 2$bEEM 801 2$bOCLCQ 801 2$bOCLCF 801 2$bPFM 801 2$bOCLCO 801 2$bFFQ 801 2$bVT2 801 2$bOCLCQ 801 2$bOCLCO 801 2$bOCLCQ 801 2$bTSC 801 2$bBUF 801 2$bLCO 801 2$bOCLCO 801 2$bAPUMS 801 2$bAU@ 801 2$bOCLCO 801 2$bWYU 801 2$bAUD 801 2$bU3W 801 2$bOCLCO 801 2$bOCLCE 801 2$bREDDC 801 2$bFJM 801 2$bCSU 801 2$bOCLCO 801 2$bOCLCA 801 2$bSFB 801 2$bOCLCQ 801 2$bQGK 801 2$bWAU 801 2$bOCLCL 801 2$bOCLCQ 801 2$bOCLCL 801 2$bS9M 801 2$bOCLCQ 906 $aJOURNAL 912 $a9910131927703321 996 $aAmerican journal of psychiatry$9802064 997 $aUNINA